Visionary glimpses : (Record no. 153521)

MARC details
000 -LEADER
fixed length control field 00579nam a22001817a 4500
005 - DATE AND TIME OF LATEST TRANSACTION
control field 20180830115842.0
010 ## - LCCN (DPL NO)
LC control number ENG-123397
020 ## - INTERNATIONAL STANDARD BOOK NUMBER
Terms of availability 90.00
International Standard Book Number 9789352830411
035 ## - SYSTEM CONTROL NUMBER
System control number EN-106929
037 ## - SOURCE OF ACQUISITION
Source of stock number/acquisition DBAD/PUB
082 ## - DEWEY DECIMAL CLASSIFICATION NUMBER
Classification number 880
245 00 - TITLE STATEMENT
Title Visionary glimpses :
Statement of responsibility, etc edited by D V Naik...[et.al]
Remainder of title an English coursebook for undergraduates /
260 ## - PUBLICATION, DISTRIBUTION, ETC. (IMPRINT)
Place of publication, distribution, etc New Delhi
Name of publisher, distributor, etc S. Chand and Company
Date of publication, distribution, etc 2018
270 ## - ADDRESS
Address 7361, Ram Nagar,
City New Delhi
Postal code 110055
300 ## - PHYSICAL DESCRIPTION
Extent 88p.
Dimensions 21cm(pbk)
500 ## - GENERAL NOTE
General note It includes glossary and questions
942 ## - ADDED ENTRY ELEMENTS (KOHA)
Source of classification or shelving scheme Dewey Decimal Classification
Item type English Books
Call number suffix VIS
Classification part 880
Holdings
Withdrawn status Lost status Not for loan Collection code Home library Current library Date acquired Source of acquisition Cost, normal purchase price Full call number Barcode Copy number Cost, replacement price Koha item type
    Not For Loan Non-fiction D.B.Act.Division Central Library 06/07/2018 DBAD/PUB 90.00 880 VIS EN-106929 1 90.00 English Books

© Delhi Public Library
Hit Counter
free hit counter